[Event "ESP-ch U10 Rapid"]
[Site "Salobrena"]
[Date "2022.07.09"]
[Round "1"]
[White "Sanchez Nebreda, Juan"]
[Black "Torres Herrera, Guillem"]
[Result "0-1"]
[WhiteElo "1118"]
[BlackElo "1449"]
[PlyCount "68"]
[EventDate "2022.07.09"]
[EventType "swiss (rapid)"]
[EventRounds "9"]
[EventCountry "ESP"]
[SourceTitle "EXT 2023"]
[Source "ChessBase"]
[SourceDate "2022.10.05"]
[SourceVersion "1"]
[SourceVersionDate "2022.10.05"]
[SourceQuality "1"]

1. d4 e6 2. e4 d5 3. Nc3 Nf6 4. Bg5 Be7 5. e5 Nfd7 6. h4 h6 7. Bxe7 Qxe7 8. f4 a6 9. Nf3 c5 10. g4 Nc6 11. Be2 cxd4 12. Nxd4 Qc5 13. Nxc6 Qxc6 14. Qd2 d4 15. Nd1 Qxh1+ 16. Kf2 Qxh4+ 17. Kg2 0-0 18. Qxd4 b6 19. Bf3 Rb8 20. Nf2 Qe7 21. Rh1 a5 22. Qd3 Nc5 23. Qd2 Bb7 24. Bxb7 Rxb7 25. c3 Rd8 26. Qc2 Rbd7 27. g5 Rd2 28. Qb1 Nd3 29. Rf1 Nxf4+ 30. Kf3 Qxg5 31. Ne4 R8d3+ 32. Qxd3 Rxd3+ 33. Kf2 Qg2+ 34. Ke1 Qe2# 0-1